000 00655nam a2200181Ia 4500
008 100921s9999 xx 000 0 und d
082 _b36385
_a891.433 0
100 _aपाटेकर श्रीकांत.
245 _aखूबसूरत धोखा.
260 _bडायमंड पॉकेट बुक्स,दिल्ली.
_c0
300 _a236
_b---
365 _b15
520 _aललित -हिंदी-कथा,कादं.
630 _aखूबसूरत धोखा.
650 _aललित -हिंदी-कथा,कादं.
730 _aखूबसूरत धोखा.
942 _cBOOK
999 _c785498
_d785495